Nástroje regionálnej politiky a ich uplatňovanie na Slovensku

Regionálna politika sa cez jej nástroje realizuje v krajine najmä podľa toho, aký typ regionálnej ekonomickej politiky sa vládne elity rozhodnú uplatňovať. Finančné stimuly v podobe daňových úľav a odpustenia na dani rôznych typov daní sú na Slovensku najčastejšie používaným nástrojom. Cieľom príspe...

Full description

Saved in:
Bibliographic Details
Main Author: Belvončíková, Eva, 1975-
Format: Book Chapter
Language:Slovak
Subjects:
Tags: Add Tag
No Tags, Be the first to tag this record!

MARC

LEADER 00000nla$a2200000$$$4500
001 0081686
005 20240502071921.7
041 0 |a slo 
044 |a SK 
245 1 0 |a Nástroje regionálnej politiky a ich uplatňovanie na Slovensku  |c Eva Belvončíková 
520 |a Regionálna politika sa cez jej nástroje realizuje v krajine najmä podľa toho, aký typ regionálnej ekonomickej politiky sa vládne elity rozhodnú uplatňovať. Finančné stimuly v podobe daňových úľav a odpustenia na dani rôznych typov daní sú na Slovensku najčastejšie používaným nástrojom. Cieľom príspevku je analyzovať, či finančné stimuly smerujú predovšetkým do zaostalých regiónov tak, ako o tom hovorí teória, a či sa tak sleduje egalistická tendencia v regionálnej politike, a to podporiť rozvoj zaostalých regiónov SR. 
610 2 0 |a politika regionálna 
610 2 0 |a rozvoj regionálny 
610 2 0 |a stimuly 
610 2 0 |a dane 
610 2 0 |a úľavy daňové 
610 2 0 |a pomoc štátna 
610 2 0 |a Slovensko 
100 1 |a Belvončíková, Eva, 1975-